[Event "SVK-ch U14"]
[Site "Liptovsky Mikulas"]
[Date "2016.04.21"]
[Round "7"]
[White "Biacko, Pavol"]
[Black "Ondo, Patrik"]
[Result "0-1"]
[WhiteElo "1007"]
[BlackElo "1223"]
[PlyCount "112"]
[EventDate "2016.04.16"]
[EventType "swiss"]
[EventRounds "9"]
[EventCountry "SVK"]
[SourceTitle "CBM 172 Extra"]
[Source "ChessBase"]
[SourceDate "2016.06.21"]
[SourceVersion "1"]
[SourceVersionDate "2016.06.21"]
[SourceQuality "1"]

1. e4 e5 2. Nf3 Nc6 3. Bc4 Bc5 4. 0-0 Nf6 5. Nc3 d6 6. h3 0-0 7. d3 Nd4 8. Bg5 h6 9. Bh4 Be6 10. Nd5 Bxd5 11. Bxd5 c6 12. Bc4 b5 13. Nxd4 Bxd4 14. c3 Bb6 15. Bb3 g5 16. Bg3 Qe7 17. Rc1 a5 18. a4 Rac8 19. Re1 bxa4 20. Bxa4 c5 21. Qb3 Rb8 22. c4 Bc7 23. Qc3 Rb4 24. b3 Nh5 25. Bh2 Nf4 26. Bxf4 gxf4 27. Rb1 Qg5 28. Qd2 Kh7 29. Kh1 Rg8 30. Rg1 Qh4 31. Kh2 Qh5 32. f3 f5 33. Qe2 Rg3 34. exf5 Qxf5 35. Qe4 Rg5 36. Bd7 Qxe4 37. fxe4 Rb7 38. Ba4 Bb6 39. g3 fxg3+ 40. Rxg3 Rxg3 41. Kxg3 Rg7+ 42. Kf3 Bd8 43. Ra1 Bh4 44. Ke2 Rg2+ 45. Kf1 Rh2 46. Bd7 Rh1+ 47. Kg2 Rxa1 48. Kf3 Rb1 49. Kg4 Bd8 50. d4 cxd4 51. c5 dxc5 52. Kf5 d3 53. Kxe5 d2 54. Kf4 d1Q 55. Bf5+ Kg7 56. e5 Bg5+ 0-1

[Event "SVK-ch U14"]
[Site "Tatralandia"]
[Date "2015.04.18"]
[Round "1"]
[White "Biacko, Pavol"]
[Black "Gyurenka, Adam"]
[Result "0-1"]
[WhiteElo "1044"]
[BlackElo "1585"]
[PlyCount "72"]
[EventDate "2015.04.18"]
[EventType "swiss"]
[EventRounds "9"]
[EventCountry "SVK"]
[SourceTitle "CBM 166 Extra"]
[Source "ChessBase"]
[SourceDate "2015.06.18"]
[SourceVersion "1"]
[SourceVersionDate "2015.06.18"]
[SourceQuality "1"]

1. e4 c5 2. Bc4 Nc6 3. Nf3 a6 4. Nc3 b5 5. Bd5 Bb7 6. Bxc6 Bxc6 7. a3 b4 8. axb4 cxb4 9. Na4 Bxe4 10. Nc5 Bxf3 11. Qxf3 Qc8 12. 0-0 e6 13. Ne4 d5 14. Ng5 Nf6 15. Re1 h6 16. Nh3 Qxc2 17. Nf4 Qf5 18. Ra5 Be7 19. Qe3 Qe4 20. d3 Qxe3 21. Rxe3 Kd7 22. h3 Rhc8 23. Re1 Rc6 24. Ne2 Rac8 25. Bd2 e5 26. Ra4 Rb8 27. Ng3 Rc2 28. Nf5 Rxd2 29. Nxe7 Kxe7 30. Rxe5+ Kd6 31. Rf5 Rb6 32. Rf4 Rxb2 33. g4 b3 34. Rab4 Rxb4 35. Rxb4 Rb1+ 36. Kg2 b2 0-1

[Event "SVK-ch U12"]
[Site "Stara Lubovna"]
[Date "2014.04.09"]
[Round "6"]
[White "Biacko, Pavol"]
[Black "Zelnik, Simon"]
[Result "1-0"]
[WhiteElo "1053"]
[BlackElo "1000"]
[PlyCount "131"]
[EventDate "2014.04.05"]
[EventType "swiss"]
[EventRounds "9"]
[EventCountry "SVK"]
[SourceTitle "EXT 2016"]
[Source "ChessBase"]
[SourceDate "2015.10.08"]
[SourceVersion "1"]
[SourceVersionDate "2015.10.08"]
[SourceQuality "1"]

1. e4 e5 2. Nf3 Nc6 3. Bc4 h6 4. d4 d6 5. Nc3 Bg4 6. h3 Bxf3 7. Qxf3 Nf6 8. Nd5 Nxd4 9. Qd3 c6 10. c3 cxd5 11. Bb5+ Nxb5 12. Qxb5+ Nd7 13. Qxb7 dxe4 14. Qxe4 Be7 15. Qg4 Bg5 16. f4 exf4 17. Bxf4 Bxf4 18. Qxf4 Qe7+ 19. Kf1 0-0 20. Re1 Qf6 21. Qxf6 Nxf6 22. Re7 Rfe8 23. Re1 Rxe1+ 24. Kxe1 Rb8 25. b4 Ne4 26. a3 Nxc3 27. Kf2 f6 28. Ke3 Kf7 29. Rc1 Re8+ 30. Kd3 Nd5 31. Kd4 Nf4 32. Rc7+ Kg6 33. Rxa7 Nxg2 34. b5 Rb8 35. a4 Kf5 36. Rxg7 Nf4 37. Rh7 Nxh3 38. Rxh6 Nf4 39. Rh1 Ra8 40. Ra1 Ke6 41. a5 Nd5 42. a6 Nb6 43. a7 Rg8 44. Ra6 Rg4+ 45. Kd3 Rg3+ 46. Ke2 Rg2+ 47. Kf3 Rb2 48. Rxb6 Rb3+ 49. Ke4 f5+ 50. Kf4 Rb4+ 51. Kg5 Rg4+ 52. Kh5 Ra4 53. Ra6 Rxa6 54. bxa6 f4 55. a8Q Ke5 56. Qe8+ Kd5 57. Kg4 Kc5 58. Kxf4 Kb6 59. Qe3+ Kxa6 60. Qb3 d5 61. Ke5 d4 62. Kxd4 Ka7 63. Qb5 Ka8 64. Kc5 Ka7 65. Kc6 Ka8 66. Qb7# 1-0

[Event "SVK-ch U12"]
[Site "Stara Lubovna"]
[Date "2014.04.07"]
[Round "4"]
[White "Biacko, Pavol"]
[Black "Hrdlicka, Martin"]
[Result "0-1"]
[WhiteElo "1053"]
[BlackElo "1007"]
[PlyCount "44"]
[EventDate "2014.04.05"]
[EventType "swiss"]
[EventRounds "9"]
[EventCountry "SVK"]
[SourceTitle "EXT 2016"]
[Source "ChessBase"]
[SourceDate "2015.10.08"]
[SourceVersion "1"]
[SourceVersionDate "2015.10.08"]
[SourceQuality "1"]

1. e4 e5 2. Nf3 Nc6 3. Bc4 Bc5 4. d3 Nf6 5. Ng5 d5 6. exd5 Nxd5 7. Be3 Bxe3 8. fxe3 Nxe3 9. Qf3 Nxc2+ 10. Kd2 Qxg5+ 11. Kxc2 0-0 12. Rf1 Nd4+ 13. Kc3 Nxf3 14. Rxf3 Qxg2 15. Re3 Qxh2 16. d4 exd4+ 17. Kxd4 Qxb2+ 18. Kd3 Qxa1 19. Kc2 Bf5+ 20. Kb3 Qxb1+ 21. Ka3 Qc1+ 22. Kb4 Qd2+ 0-1

[Event "SVK-ch U12"]
[Site "Stara Lubovna"]
[Date "2014.04.07"]
[Round "3"]
[White "Schmidt, Peter3333"]
[Black "Biacko, Pavol"]
[Result "1-0"]
[WhiteElo "1000"]
[BlackElo "1053"]
[PlyCount "197"]
[EventDate "2014.04.05"]
[EventType "swiss"]
[EventRounds "9"]
[EventCountry "SVK"]
[SourceTitle "EXT 2016"]
[Source "ChessBase"]
[SourceDate "2015.10.08"]
[SourceVersion "1"]
[SourceVersionDate "2015.10.08"]
[SourceQuality "1"]

1. e4 e5 2. Nf3 Nc6 3. Bb5 Bc5 4. 0-0 Nf6 5. d3 0-0 6. Nc3 d6 7. Nd5 Nxd5 8. exd5 Nd4 9. Bg5 f6 10. Nxd4 Bxd4 11. c3 c6 12. dxc6 fxg5 13. Qb3+ Kh8 14. cxb7 Bxb7 15. cxd4 exd4 16. Bc4 d5 17. Qxb7 dxc4 18. dxc4 Rb8 19. Qxa7 Rxb2 20. h3 Qf6 21. Qa3 Rxf2 22. Rxf2 Qxf2+ 23. Kh2 g4 24. hxg4 Qh4+ 25. Qh3 Qxh3+ 26. Kxh3 d3 27. Rd1 Rd8 28. c5 d2 29. c6 Rd3+ 30. Kh2 Rc3 31. Rxd2 Kg8 32. Rd6 Kf8 33. a3 Ke7 34. Rd4 Rxc6 35. Re4+ Kf6 36. Re2 Rc4 37. Ra2 Rxg4 38. a4 Rb4 39. a5 Rb7 40. a6 Ra7 41. Rf2+ Kg5 42. Ra2 h5 43. Ra5+ Kh6 44. Kh3 g5 45. g4 h4 46. Ra4 Kg6 47. Ra5 Kf6 48. Ra4 Ke5 49. Ra5+ Kf4 50. Ra4+ Ke5 51. Ra5+ Kf4 52. Ra4+ Kf3 53. Ra3+ Ke4 54. Ra5 Kf4 55. Ra4+ Ke5 56. Ra5+ Ke6 57. Rxg5 Rxa6 58. Rg6+ Ke5 59. Rxa6 Kf4 60. Rh6 Kg5 61. Rxh4 Kf4 62. g5+ Kxg5 63. Ra4 Kf5 64. Kg3 Ke5 65. Kf3 Kd5 66. Ke3 Kc5 67. Kd3 Kb5 68. Rh4 Kc5 69. Rg4 Kb5 70. Kc3 Ka5 71. Kb3 Kb5 72. Rg5+ Kc6 73. Kb4 Kd6 74. Kc4 Ke6 75. Kd4 Kf6 76. Ra5 Kg6 77. Ke4 Kh6 78. Kf4 Kg6 79. Rb5 Kh6 80. Kg4 Kg6 81. Rb6+ Kf7 82. Kg5 Ke7 83. Kf5 Kd7 84. Ke5 Kc7 85. Rh6 Kb7 86. Kd5 Kc7 87. Rg6 Kb7 88. Kc5 Ka7 89. Kb5 Kb7 90. Rg7+ Kc8 91. Kb6 Kd8 92. Kc6 Ke8 93. Kd6 Kf8 94. Ra7 Ke8 95. Rb7 Kf8 96. Ke6 Kg8 97. Kf6 Kh8 98. Kg6 Kg8 99. Rb8# 1-0

[Event "SVK-ch U12"]
[Site "Lubovna"]
[Date "2013.04.08"]
[Round "4"]
[White "Biacko, Pavol"]
[Black "Polak, Marcel"]
[Result "1/2-1/2"]
[WhiteElo "1000"]
[BlackElo "1100"]
[PlyCount "127"]
[EventDate "2013.04.06"]
[EventType "swiss"]
[EventRounds "9"]
[EventCountry "SVK"]
[SourceTitle "CBM 153 Extra"]
[Source "ChessBase"]
[SourceDate "2013.04.22"]
[SourceVersion "1"]
[SourceVersionDate "2013.04.22"]
[SourceQuality "1"]

1. e4 e5 2. Nf3 Nc6 3. Bc4 Bc5 4. Nc3 Nf6 5. Ng5 0-0 6. 0-0 h6 7. Bxf7+ Rxf7 8. Nxf7 Kxf7 9. Qf3 Nd4 10. Qd3 Kf8 11. Nd5 d6 12. Nxf6 Qxf6 13. c3 Ne6 14. b4 Nf4 15. Qb5 Qg6 16. g3 Nh3+ 17. Kg2 Bxf2 18. Rxf2+ Nxf2 19. Kxf2 Qf6+ 20. Kg2 Bg4 21. Qf1 Qxf1+ 22. Kxf1 Kg8 23. d4 exd4 24. cxd4 Bh3+ 25. Kf2 Rf8+ 26. Ke3 c6 27. Rb1 d5 28. b5 cxb5 29. Rxb5 dxe4 30. Kxe4 Re8+ 31. Kd5 Bg2+ 32. Kd6 Bc6 33. Rf5 Rd8+ 34. Ke7 Rd7+ 35. Ke6 Rxd4 36. Ke7 Re4+ 37. Kd8 Re8+ 38. Kc7 Kh7 39. Rf7 Kg6 40. Rf4 h5 41. Be3 Rxe3 42. Ra4 a6 43. Rd4 Re4 44. Rd2 h4 45. gxh4 Rxh4 46. Kd6 Rh5 47. Ke7 Re5+ 48. Kd6 Rd5+ 49. Rxd5 Bxd5 50. Kxd5 Kg5 51. a4 b5 52. a5 b4 53. Kc4 b3 54. Kxb3 Kh4 55. Kc4 Kh3 56. Kc5 Kxh2 57. Kb6 g5 58. Kxa6 g4 59. Kb7 g3 60. a6 g2 61. a7 g1Q 62. a8Q Qh1+ 63. Ka7 Qxa8+ 64. Kxa8 1/2-1/2